000 00480nam a2200181Ia 4500
001 30037
003 IN-NITTTR
005 20251114233407.0
008 251113s9999||||xx |||||||||||||| ||eng||
040 _beng
040 _cIN-NITTTR
041 _aeng
082 _a621.384 H19R
100 _aHan, Zhu
245 0 _aResource allocation for wireless networks :
_b basic, techniques and applications /
_cHan, Zhu, Liu, K. J. Ray
700 _a Liu, K. J. Ray
942 _2ddc
_cBK
999 _c32665
_d32665